TV Show General Knowledge Quiz - Statistics

General Stats
  • This quiz has been taken 130 times
  • The average score is 10 of 21
Answer Stats
Hint Answer % Correct
What does SNL stand for? Saturday Night Live
96%
What streaming platform runs Stranger Things? Netflix
88%
And when did that show start? 2016
86%
What does GOT stand for? Game of Thrones
86%
What country is associated with the above? England
82%
In what year did the Simpsons start? 1989
77%
When did Disney Plus start? November 12, 2019
75%
What network shows Doctor Who? BBC
71%
What quiz show was hosted by Alex Trebek? Jeopardy
54%
What is the longest running kids show ever? Sesame Street
52%
Who played Danny Tanner in Full House? Bob Saget
46%
What 2012-2020 show starred Stephen Amell? Arrow
30%
What film company owns the above? Warner Bros.
30%
What was the first prime time animated show? The Flintstones
29%
What show was the spin-off of All in the Family? The Jeffersons
28%
What actress from the above stars in X-Men films? Sophie Turner
27%
What network broadcasted that show? The CW
26%
Who does William Zabka play in Cobra Kai? Johnny Lawrence
25%
Who starred in Quantum Leap? Scott Bakula
19%
Who voices SpongeBob Squarepants? Tom Kenny
16%
Who voiced Skeletor in the original He-Man show? Alan Oppenheimer
2%
No matching quizzes found
Score Distribution
Percent of People with Each Score
Percentile by Number Answered
Your Score History
You have not taken this quiz